MARC

LEADER 00000nam0a2200000 4500
001 14369
005 20231101204939.0
010 |a 5891540053 
035 |a (RuTPU)RU\TPU\book\14462 
035 |a BOOK00000052 
090 |a 14369 
100 |a 20011209d1996 m y0rusy50 ca 
101 0 |a rus 
102 |a RU 
105 |a a j 001zy 
200 1 |a Привод подъемно-транспортных машин  |e учебное пособие  |f М. С. Турпищева  |g Астраханский государственный технический университет 
210 |a Астрахань  |d 1996 
215 |a 67 с.  |c ил. 
320 |a Библиогр.: с. 66. 
606 1 |a Подъемно-транспортное оборудование  |x Электроприводы  |x Электрооборудование  |2 stltpush  |3 (RuTPU)RU\TPU\subj\49839  |9 68601 
610 1 |a подъемно-транспортные машины 
610 1 |a конструкции 
610 1 |a расчеты 
610 1 |a применение 
610 1 |a использование 
610 1 |a учебные пособия 
610 1 |a приводы 
675 |a 621.86-83(075.8)  |v 3 
700 1 |a Турпищева  |b М. С.  |g Марина Семеновна 
712 0 2 |a Астраханский государственный технический университет  |2 stltpush  |3 (RuTPU)RU\TPU\col\379  |9 23384 
801 0 |a RU  |b 63413507  |c 20011209  |g PSBO 
801 2 |a RU  |b 63413507  |c 20140120  |g PSBO 
942 |c BK